Catalog

Record Details

Catalog Search



Available copies

  • 0 of 2 copies available at LARL/NWRL Consortium.
  • 0 of 2 copies available at Lake Agassiz Regional Library. (Show preferred library)

Current holds

0 current holds with 2 total copies.

Show Only Available Copies
Location Call Number / Copy Notes Barcode Shelving Location Status Due Date
LARL Cataloging LARL158396 (Text) LARL158396 New On order -
LARL Cataloging LARL158396 (Text) LARL158397 New On order -

Record details

  • ISBN: 9781665962711
  • ISBN: 1665962712
  • Publisher: Beach Lane Books 2026

Content descriptions

Summary, etc.:
"Journal meets sketchbook in this luminously ... Read More
LDR 00717nam a22001815a 4500
001486425
003LARL_NWRL_CONSORTIUM
008260430s2026 |||| ||| ||||||||||||
010 . ‡a 2025005403
020 . ‡a9781665962711 ‡c$19.99
020 . ‡a1665962712 ‡c$19.99
08200. ‡a595.789
1001 . ‡aStewart, Melissa ‡0(LARL_NWRL_CONSORTIUM)124861
24510. ‡aMonarch and Mourning Cloak: A Butterfly Journal
260 . ‡bBeach Lane Books ‡c2026
263 . ‡a03/03/2026 ‡b2026-03-03
264 . ‡bBeach Lane Books ‡c2026
520 . ‡a"Journal meets sketchbook in this luminously illustrated and thoroughly informative picture book poetry collection that captures the beauty and complexity of monarch and mourning cloak butterflies"--
961 . ‡aZRO_L_CATALOGING ‡b2 ‡cNew ‡fpm ‡iBook ‡p19.99
962 . ‡aENF 4-30-26
905 . ‡uvanderl
901 . ‡a486425 ‡bAUTOGEN ‡c486425 ‡tbiblio ‡sIngram On-Order

Additional Resources